Valorizácia kultúrneho dedičstva pre tvorbu ponuky v cestovnom ruchu

Problematika objektívneho zhodnotenia kultúrno-historickej hodnoty pamiatok, ktorá tvorí súčasť primárneho potenciálu územia so zameraním na ich využitie v tvorbe ponuky v cestovnom ruchu. Teoretické predpoklady riešenej problematiky. Valorizácia kultúrno-historického potenciálu. Prípadová štúdia va...

Descrizione completa

Salvato in:
Dettagli Bibliografici
Autore principale: Plesník, Pavol, 1956-
Natura: Capitolo di libro
Lingua:slovacco
Soggetti:
Tags: Aggiungi Tag
Nessun Tag, puoi essere il primo ad aggiungerne!!

MARC

LEADER 00000nla a2200000 4500
001 0228193
005 20240502083615.1
041 0 |a slo 
044 |a CZ 
245 1 0 |a Valorizácia kultúrneho dedičstva pre tvorbu ponuky v cestovnom ruchu  |c Pavol Plesník 
520 |a Problematika objektívneho zhodnotenia kultúrno-historickej hodnoty pamiatok, ktorá tvorí súčasť primárneho potenciálu územia so zameraním na ich využitie v tvorbe ponuky v cestovnom ruchu. Teoretické predpoklady riešenej problematiky. Valorizácia kultúrno-historického potenciálu. Prípadová štúdia valorizácie kultúrno-historického potenciálu v Spišskom regióne. Zhodnotenie najvýznamnejších kultúrno-historických pamiatok regiónu Spiš. 
610 2 0 |a ruch cestovný 
610 2 0 |a ponuka 
610 2 0 |a pamiatky 
610 2 0 |a architektúra 
610 2 0 |a hodnota 
610 2 0 |a dedičstvo kultúrne 
610 2 0 |a história 
610 2 0 |a regióny 
610 2 0 |a Slovensko 
100 1 |a Plesník, Pavol, 1956-